00363nam a2200133Ia 4500003000400000008004100004040001600045082001900061100002400080245004100104260004200145650001800187650002400205GCL140319s9999 xx 000 0 eng d aGCL / cGCL04aCHb030.4bW M1 aWALT DISNEY COMPANY10aCHANT-COBAYE / cWALT DISNEY COMPANY a[S.N] : bLE LIVRE DE POCHE ، c198104aENCYCLOPEDIES04aFRENCH ENCYCLOPEDIE